| 000 | 00396nam a2200133 i 4500 | ||
|---|---|---|---|
| 008 | 240323t20162016gw a b 001 0 eng | ||
| 020 | _a9783527337989 | ||
| 050 | _aR 857.N34 .B56 | ||
| 245 | 0 | 0 |
_aBiomedical nanomaterials / _cedited by Yuliang Zaho and Youqing Shen. |
| 300 |
_axxi, 476 pages : _billustrations (some color) ; |
||
| 700 | 1 | _aZhao, Yuliang, | |
| 700 | 1 | _aShen, Youqing, | |
| 942 | _cBK | ||
| 999 |
_c2316 _d2316 |
||